Les paysans et la revolution francaise (Запис номер 390818)
[ съкратено ]
| 000 -Лидер | |
|---|---|
| Контролно поле с фиксирана дължина | nam a22 a 4500 |
| 003 - Код на организацията, давaща контролен номер | |
| Контролно поле | BLK |
| 005 - Дата и час на последна редакция | |
| Контролно поле | 20201029103056.0 |
| 008 - Елементи от данни с фиксирана дължина | |
| fixed length control field | 180409b bul|||||r ||||||| ||bul|| |
| 010 ## - Наследен системен номер | |
| LC control number | KNG00119462000 |
| 040 ## - Източник на каталожния запис | |
| Идентификатор на билиотеката - собственик на записа | BLK |
| 041 ## - Код за език | |
| Код за езика на текст/звукозапис или на отделно заглавие | Френски |
| Код за езика КДБФ | Френски |
| 080 ## - УДК | |
| Текстов определител УДК | История на Франция |
| УДК код - определител по УДК | 94(44) |
| УДК - код + определител | 94(44) |
| 100 ## - Редна дума - Автор | |
| Автор | Labusquiere, John |
| Авторска отговорност | първи автор |
| R(LIN) | 435742 |
| 139 ## - Редно поле | |
| Редна дума | Labusquiere, John |
| 245 10 - Сведения за заглавието | |
| Заглавие | Les paysans et la revolution francaise |
| Редно поле (дума) | John Labusquiere. |
| 257 ## - Страна на издаване | |
| Страна на създаване/издаване | Франция |
| 260 ## - Област на издателските данни | |
| Място на издаване, разпространение и проч. | Paris |
| Име на издателя, разпространителя и проч. | Derveaux |
| Година на издаване | 1888 |
| 9 (RLIN) | 435743 |
| 300 ## - Физическа характеристика | |
| Страници | 31 p. |
| Размери/Мащаб | 15 cm |
| 380 ## - Жанр | |
| Жанр | История |
| 490 ## - СЕРИИ (Колекции) | |
| Име на серия | Колекция Редки и ценни издания |
| 9 (RLIN) | 435080 |
| 500 ## - Общи забележки | |
| Забележка | Датирано: St. Staneff, Neuchatel 27.VII.98 |
| 650 #4 - Допълнително описание по предмет – тема | |
| Основно описание – тема или топоним | Франция - история |
| 9 (RLIN) | 269404 |
| 651 #4 - Допълнително описание по предмет - топоним | |
| Географско понятие | Франция |
| 9 (RLIN) | 179722 |
| 653 ## - Ключова дума – ненормативна | |
| Ключова дума | история |
| 653 ## - Ключова дума – ненормативна | |
| Ключова дума | Франция |
| 653 ## - Ключова дума – ненормативна | |
| Ключова дума | революции |
| 852 ## - Местоположение | |
| Форматна сигнатура | Рф 888 |
| Фондова буква | Редки и ценни |
| 856 4# - Електронен адрес и достъп | |
| Електронен формат | pdf - файл |
| 856 4# - Електронен адрес и достъп | |
| Електронен формат | pdf - файл |
| 999 ## - СИСТЕМНИ КОНТРОЛНИ НОМЕРА | |
| Koha biblionumber | 390818 |
| Koha biblioitemnumber | 390818 |
| 942 ## - АРТИКУЛИ | |
| Вид на библиотечния материал | Книги |
| Скрит в OPAC | Не |
| Периодичен библиозапис | Да |
| 944 ## - СЪЗДАВАНЕ И РЕДАКЦИЯ на ЗАПИСА | |
| Създаване/Редакция | Създаване |
| Дата на регистрацията/редакция | 2020-10-29 |
| Статус, дата на статуса | ф / |
| Служител, извършил регистрацията/редакцията | ТД |
| 944 ## - СЪЗДАВАНЕ И РЕДАКЦИЯ на ЗАПИСА | |
| Създаване/Редакция | Редакция |
| Дата на регистрацията/редакция | 05.10.2010 |
| Статус, дата на статуса | ф / |
| 999 ## - СИСТЕМНИ КОНТРОЛНИ НОМЕРА | |
| Koha biblioitemnumber | 390818 |
| 999 ## - СИСТЕМНИ КОНТРОЛНИ НОМЕРА | |
| Koha biblioitemnumber | 390818 |
| 999 ## - СИСТЕМНИ КОНТРОЛНИ НОМЕРА | |
| Koha biblioitemnumber | 114041 |
| Код за отписване | Код за изгубен артикул | Източник на класификационната схема | Код за повреда | Коз за рестрикции | Код за отдаване | Артикулен № | Име на библиотеката - собственик | Име на библиотеката, в която се намира в момента | Статус (Текущо местоположение) | Дата на вписване в системата | Местоположение - отдел | Цена в лева | Инвентарен номер | Систематично азбучна сигнатура | Баркод | Цена в евро | Служебен тип на артикула |
|---|---|---|---|---|---|---|---|---|---|---|---|---|---|---|---|---|---|
| Не е изгубен | Universal Decimal Classification | Не е повреден | само за читалня | Специални фондове ( старопечатни, редки и ценни, фонд М. Арнаудов) | 804535 | Регионална библиотека "Любен Каравелов" Русе | Регионална библиотека "Любен Каравелов" Русе | Редки и ценни | 2020-11-03 | Редки и ценни | 0.06 | 14490 | Рф 888 | 900000037834 | 0.03 | Книги |